[Event "Barcelona Sant Marti op-A 23rd"]
[Site "Barcelona"]
[Date "2023.07.17"]
[Round "5"]
[White "Toro Castaneda, Elizabeth"]
[Black "Lee Luen Mang, Stefan"]
[Result "1-0"]
[WhiteElo "1989"]
[BlackElo "1538"]
[PlyCount "59"]
[EventDate "2023.07.13"]
[EventType "swiss"]
[EventRounds "9"]
[EventCountry "ESP"]
[SourceTitle "CBM 215 Extra"]
[Source "ChessBase"]
[SourceDate "2023.09.30"]
[SourceVersion "1"]
[SourceVersionDate "2023.09.30"]
[SourceQuality "1"]

1. e4 c5 2. Nf3 d6 3. d4 cxd4 4. Nxd4 Nf6 5. Nc3 g6 6. Be3 Bg7 7. f3 a6 8. Qd2 h5 9. 0-0-0 b5 10. Nb3 Bb7 11. Kb1 Nbd7 12. h4 Qc7 13. Bg5 Rc8 14. Bd3 b4 15. Ne2 a5 16. Rhe1 0-0 17. Bh6 Ne5 18. Bxg7 Kxg7 19. Nbd4 Nfd7 20. Ng3 e6 21. Bb5 Nb6 22. Qg5 Rh8 23. f4 Nc6 24. Bxc6 Bxc6 25. f5 Ba4 26. Nxe6+ fxe6 27. Qxg6+ Kf8 28. fxe6 Ke7 29. Nf5+ Kf8 30. e7+ 1-0

[Event "Saint Denis op"]
[Site "Saint Denis"]
[Date "2022.10.13"]
[Round "1"]
[White "Giraud, Dimitri"]
[Black "Lee Luen Mang, Stefan"]
[Result "0-1"]
[WhiteElo "1054"]
[BlackElo "1557"]
[PlyCount "52"]
[EventDate "2022.10.13"]
[EventType "swiss"]
[EventRounds "9"]
[EventCountry "RUF"]
[SourceTitle "EXT 2024"]
[Source "ChessBase"]
[SourceDate "2023.10.10"]
[SourceVersion "1"]
[SourceVersionDate "2023.10.10"]
[SourceQuality "1"]

1. e4 e5 2. Nf3 Nc6 3. Bc4 Bc5 4. Nc3 d6 5. d3 Bg4 6. h3 Bh5 7. Be3 Nf6 8. Bg5 h6 9. Bxf6 Qxf6 10. Nd5 Qd8 11. c3 Ne7 12. Qa4+ c6 13. Bb5 0-0 14. Nxe7+ Qxe7 15. Bxc6 bxc6 16. Qxc6 Bxf3 17. gxf3 Qh4 18. d4 exd4 19. cxd4 Bxd4 20. Qc2 Rab8 21. Rb1 Rfc8 22. Qd3 Qxf2+ 23. Kd1 Rxb2 24. Re1 Rc3 25. Rxb2 Rxd3+ 26. Kc1 Qxb2# 0-1